Vista normal Vista MARC

Entrada Topical Term

Número de registros utilizados en: 1

001 - CONTROL NUMBER

  • control field: 13516

003 - CONTROL NUMBER IDENTIFIER

  • control field: OSt

005 - DATE AND TIME OF LATEST TRANSACTION

  • control field: 20210216115017.0

008 - FIXED-LENGTH DATA ELEMENTS

  • fixed length control field: 210216|| aca||aabn | a|a d

040 ## - CATALOGING SOURCE

  • Original cataloging agency: OSt
  • Transcribing agency: OSt

150 ## - HEADING--TOPICAL TERM

  • Topical term or geographic name entry element: Partidos políticos
  • General subdivision: legislación
  • Geographic subdivision: Colombia

670 ## - SOURCE DATA FOUND

  • Source citation: Work cat.: (OSt): Reyes González, Guillermo Francisco, autor 2306, Tratado de derecho electoral : , 2004